000 00614nam a2200205Ia 4500
005 20250923145950.0
008 008 250917s9999 xx 000 0 eng d
037 _aTextual
040 _aDSWL
_beng
_cDSWL
041 _aeng
_2eng
084 _aY12:41, N96
_qDSWL
245 0 _aInvolvement of Youth in Health Education and Health Promotion Tobacco, Alcohal and Substance Abuse
_cEd. by U.S. Nayar
260 _aMumbai
_bTISS
_c1996
300 _axiv,150 p.
365 _bGift
700 _a L. Narayan
_9840811
925 _gGift
942 _cTEXL
_hY12:41, N96
999 _c1457914
_d1457914